书目信息 |
| 题名: |
万事通万年历
|
|
| 作者: | 历象 编 | |
| 分册: | ||
| 出版信息: | 北京 气象出版社 2005.1 |
|
| 页数: | 10,356页 | |
| 开本: | 21cm | |
| 丛书名: | ||
| 单 册: | ||
| 中图分类: | TS97 , P195.2 | |
| 科图分类: | ||
| 主题词: | 生活--sheng huo--知识 , 风俗习惯--feng su xi guan--中国 , 生活--sheng huo , 历书--li shu--中国 , 风俗习惯--feng su xi guan , 历书--li shu | |
| 电子资源: | ||
| ISBN: | 7-5029-3912-1 | |
| 000 | 01051nam0 2200313 45 | |
| 001 | 012005000000 | |
| 005 | 20061225163920.62 | |
| 010 | @a7-5029-3912-1@dCNY18.00 | |
| 100 | @a20050719d2005 em y0chiy0110 ea | |
| 101 | 0 | @achi |
| 102 | @aCN@b110000 | |
| 105 | @aak z 000yy | |
| 200 | 1 | @a万事通万年历@Awan shi tong wan nian li@e天文历法+生活常识@f历象编 |
| 210 | @a北京@c气象出版社@d2005.1 | |
| 215 | @a10,356页@c图@d21cm | |
| 300 | @a衣食住行 | |
| 330 | @a本书共分十五章, 内容包括: 历法知识篇; 传统节日篇; 星座生肖篇; 礼仪篇; 起名篇; 实用文体篇; 生活小窍门篇; 汽车知识篇; 家庭理财篇; 健康与养生篇; 优生优育篇等。 | |
| 517 | 1 | @a天文历法+生活常识@Atian wen li fa + sheng huo chang shi |
| 606 | 0 | @a生活@Asheng huo@x知识 |
| 606 | 0 | @a风俗习惯@Afeng su xi guan@y中国 |
| 606 | 0 | @a生活@Asheng huo |
| 606 | 0 | @a历书@Ali shu@y中国 |
| 606 | 0 | @a风俗习惯@Afeng su xi guan |
| 606 | 0 | @a历书@Ali shu |
| 690 | @aTS97@v4 | |
| 690 | @aP195.2@v4 | |
| 701 | 0 | @a历象@Ali xiang@4编 |
| 801 | 0 | @aCN@c20061225 |
| 905 | @a10447@dTS97@eL358 | |
| 万事通万年历:天文历法+生活常识/历象编.-北京:气象出版社,2005.1 |
| 10,356页:图;21cm |
| 衣食住行 |
| ISBN 7-5029-3912-1:CNY18.00 |
| 本书共分十五章, 内容包括: 历法知识篇; 传统节日篇; 星座生肖篇; 礼仪篇; 起名篇; 实用文体篇; 生活小窍门篇; 汽车知识篇; 家庭理财篇; 健康与养生篇; 优生优育篇等。 |
| ● |
| 相关链接 |
|
|
|
正题名:万事通万年历
索取号:TS97/L358
 
预约/预借
| 序号 | 登录号 | 条形码 | 馆藏地/架位号 | 状态 | 备注 |
| 1 | 641199 | 206411998 | 自科库501/ [索取号:TS97/L358] | 在馆 | |
| 2 | 641200 | 206412005 | 自科库501/501自科库 44排2列4层/ [索取号:TS97/L358] | 在馆 | |
| 3 | 641201 | 206412014 | 自科库501/ [索取号:TS97/L358] | 在馆 |